| 000 | 00726nam a2200217 i 4500 | ||
|---|---|---|---|
| 001 | 134897 | ||
| 003 | ES-MaACL | ||
| 005 | 20250829041759.0 | ||
| 007 | t| | ||
| 008 | 070703s1971 sp ||||1| spa d | ||
| 080 | _a860 Baroja, Pio 1.06 | ||
| 100 | 1 |
_aTijeras, Eduardo, _d1931- _9110248 |
|
| 245 | 1 | 0 |
_aPío Baroja / _cEduardo Tijera. |
| 260 |
_a[Madrid] : _bEpesa [Ediciones y Publicaciones Españolas], _c[1971] |
||
| 300 |
_a179 p. ; _c17 cm. |
||
| 490 | 1 |
_aGrandes escritores contemporáneos ; _v46 |
|
| 600 | 1 | 4 |
_aBaroja, Pío, _d1872-1956- _xCrítica e interpretación _925756 |
| 830 | 1 | 0 |
_aGrandes escritores contemporáneos (Epesa) _v46 _9180697 |
| 852 |
_aES-MaACL _jC-41648 |
||
| 999 |
_c134897 _d134897 |
||